<?xml version="1.0" encoding="UTF-8"?>
<record
    xmlns:xsi="http://www.w3.org/2001/XMLSchema-instance"
    xsi:schemaLocation="http://www.loc.gov/MARC21/slim http://www.loc.gov/standards/marcxml/schema/MARC21slim.xsd"
    xmlns="http://www.loc.gov/MARC21/slim">

  <leader>00900nam a2200289Ia 4500</leader>
  <controlfield tag="001">Para_6828</controlfield>
  <controlfield tag="003">CHAP</controlfield>
  <controlfield tag="008">220125s1976    xx            000 0 und d</controlfield>
  <datafield tag="010" ind1=" " ind2=" ">
    <subfield code="a">205624</subfield>
  </datafield>
  <datafield tag="040" ind1=" " ind2=" ">
    <subfield code="c">CHAP</subfield>
  </datafield>
  <datafield tag="090" ind1=" " ind2=" ">
    <subfield code="a">PA FOLLETO 762</subfield>
  </datafield>
  <datafield tag="100" ind1=" " ind2=" ">
    <subfield code="a">Nestel, Barry L., ed.</subfield>
    <subfield code="9">171683</subfield>
  </datafield>
  <datafield tag="245" ind1=" " ind2=" ">
    <subfield code="a">African cassava mosaic :</subfield>
    <subfield code="b"> report of an interdiscipoinary workshop at Muguga, Kenya, 1976 /</subfield>
    <subfield code="c"> edit. por Barry L. Nestel</subfield>
  </datafield>
  <datafield tag="260" ind1=" " ind2=" ">
    <subfield code="a">Bogot&#xE1; :</subfield>
    <subfield code="b"> International Development Research Centro, 1976</subfield>
  </datafield>
  <datafield tag="300" ind1=" " ind2=" ">
    <subfield code="a">48 p.</subfield>
  </datafield>
  <datafield tag="650" ind1=" " ind2=" ">
    <subfield code="a">Yuca </subfield>
    <subfield code="x"> Africa </subfield>
    <subfield code="9">171684</subfield>
  </datafield>
  <datafield tag="650" ind1=" " ind2=" ">
    <subfield code="a">Yuca </subfield>
    <subfield code="x"> congresos</subfield>
    <subfield code="9">123279</subfield>
  </datafield>
  <datafield tag="700" ind1=" " ind2=" ">
    <subfield code="a">Nestel, Barry L.</subfield>
    <subfield code="9">171685</subfield>
  </datafield>
  <datafield tag="710" ind1=" " ind2=" ">
    <subfield code="a">International Development Research Centre</subfield>
    <subfield code="9">171686</subfield>
  </datafield>
  <datafield tag="901" ind1=" " ind2=" ">
    <subfield code="a">PA FOLLETO 762</subfield>
  </datafield>
  <datafield tag="902" ind1=" " ind2=" ">
    <subfield code="a">A</subfield>
  </datafield>
  <datafield tag="905" ind1=" " ind2=" ">
    <subfield code="a">0000001976                                 0000000000   00</subfield>
  </datafield>
  <datafield tag="910" ind1=" " ind2=" ">
    <subfield code="a">1976</subfield>
  </datafield>
  <datafield tag="942" ind1=" " ind2=" ">
    <subfield code="c">PARA</subfield>
  </datafield>
  <datafield tag="942" ind1=" " ind2=" ">
    <subfield code="c">PARA</subfield>
    <subfield code="d">1</subfield>
  </datafield>
  <datafield tag="999" ind1=" " ind2=" ">
    <subfield code="c">205624</subfield>
    <subfield code="d">205624</subfield>
  </datafield>
  <datafield tag="952" ind1=" " ind2=" ">
    <subfield code="0">0</subfield>
    <subfield code="1">0</subfield>
    <subfield code="2">local</subfield>
    <subfield code="4">0</subfield>
    <subfield code="7">0</subfield>
    <subfield code="8">FOLL</subfield>
    <subfield code="a">PA</subfield>
    <subfield code="b">PA</subfield>
    <subfield code="c">12</subfield>
    <subfield code="d">2005-10-27</subfield>
    <subfield code="f">PARA</subfield>
    <subfield code="l">0</subfield>
    <subfield code="p">PA_4955</subfield>
    <subfield code="r">2022-01-25 00:00:00</subfield>
    <subfield code="w">2022-01-25</subfield>
    <subfield code="y">FOLL</subfield>
    <subfield code="z">3</subfield>
  </datafield>
</record>
